Pandemic : an African epic (Record no. 86036)
[ view plain ]
| 000 -LEADER | |
|---|---|
| fixed length control field | 00771ckd a22002295a 4500 |
| 003 - CONTROL NUMBER IDENTIFIER | |
| control field | CBULib |
| 005 - DATE AND TIME OF LATEST TRANSACTION | |
| control field | 20250211085545.0 |
| 008 - FIXED-LENGTH DATA ELEMENTS--GENERAL INFORMATION | |
| fixed length control field | 921001s1948 xxunnn | kneng |
| 040 ## - CATALOGING SOURCE | |
| Original cataloging agency | DLC |
| Language of cataloging | eng |
| Transcribing agency | DLC |
| Modifying agency | CBULib |
| Description conventions | rda |
| 050 00 - LIBRARY OF CONGRESS CALL NUMBER | |
| Classification number | PR 9369.4. Z33 |
| 100 ## - MAIN ENTRY--PERSONAL NAME | |
| 9 (RLIN) | 4409 |
| Personal name | Topham, Patrick M. |
| 245 10 - TITLE STATEMENT | |
| Title | Pandemic : an African epic |
| Statement of responsibility, etc | / by Patrick m. Topham |
| 260 ## - PUBLICATION, DISTRIBUTION, ETC. (IMPRINT) | |
| Date of publication, distribution, etc | 2023 |
| Place of publication, distribution, etc | Kitwe, Zambia : |
| Name of publisher, distributor, etc | Akalao Books' Services, |
| 300 ## - PHYSICAL DESCRIPTION | |
| Extent | vii, 185 pages |
| 336 ## - CONTENT TYPE | |
| Source | rdacontent |
| Content type term | Text | |
| Content type code | txt |
| 337 ## - MEDIA TYPE | |
| Source | rdamedia |
| Media type term | Unmediated | |
| Media type code | n |
| 338 ## - CARRIER TYPE | |
| Source | rdacarrier |
| Carrier type term | Volume |
| Carrier type code | nc |
| 650 #0 - SUBJECT ADDED ENTRY--TOPICAL TERM | |
| Topical term or geographic name as entry element | ZAMBIAN FICTION (ENGLISH) |
| 9 (RLIN) | 4412 |
| 650 #0 - SUBJECT ADDED ENTRY--TOPICAL TERM | |
| Topical term or geographic name as entry element | PANDEMICS AFRICA FICTION |
| 9 (RLIN) | 4413 |
| 856 41 - ELECTRONIC LOCATION AND ACCESS | |
| Materials specified | intermediary roll film |
| Path | gsc |
| Electronic name | 5a15418 |
| Electronic format type | p |
| Uniform Resource Identifier | <a href="https://hdl.loc.gov/loc.pnp/gsc.5a15418">https://hdl.loc.gov/loc.pnp/gsc.5a15418</a> |
| 942 ## - ADDED ENTRY ELEMENTS (KOHA) | |
| Source of classification or shelving scheme | |
| Koha item type | MONOGRAPH |
| Withdrawn status | Lost status | Source of classification or shelving scheme | Damaged status | Not for loan | Collection code | Permanent Location | Current Location | Shelving location | Date acquired | Total Checkouts | Full call number | Barcode | Date last seen | Price effective from | Koha item type |
|---|---|---|---|---|---|---|---|---|---|---|---|---|---|---|---|
| Fiction Collection | CBU-MAIN LIBRARY, KITWE. | CBU-MAIN LIBRARY, KITWE. | Short loan collection | 02/11/2025 | PR 9369.4. Z33 | 753418 | 02/11/2025 | 02/11/2025 | MONOGRAPH |